000 00960cam a22002415a 4500
001 L159630
008 150226s2017 xxk f 000 0 eng d
035 _a(Sirsi) u159630
041 0 _aeng
100 1 _aScruggs, Gregory
245 0 0 _aRead this now, before it's too late
260 _c2017
490 _aModus
_vOctober 2017, 12-18 (7)
520 _aConsiders role of chief resillience officer as quickly becoming the most indispensable role in the built environment. Floods, riots, market crashes: the risks that cities face grow with every new day. But preparing for their impact, and ensuring the city can get back on its feet quickly, needs one person to bang heads, force decisions and generally take responsibility.
590 _aKA
650 2 4 _aURBAN RESILIENCE
650 2 4 _aCLIMATE CHANGE
650 2 4 _aRISK MANAGEMENT
650 2 4 _aNATURAL DISASTERS
651 4 _aInternational
690 _aSustainability
_96271
942 _n0
_2ddc
999 _c84884
_d84884